| 000 | 00573 a2200217 4500 | ||
|---|---|---|---|
| 001 | 066332 | ||
| 003 | OSt | ||
| 005 | 20210927133609.0 | ||
| 008 | |||
| 020 | _a0471257087 | ||
| 040 | _cCURAJ | ||
| 082 |
_a519.2 _bF33I |
||
| 100 | 1 | _aFeller, William | |
| 245 | 1 |
_aAn introduction to probability theory and its applications(Volume 1) _cby William Feller |
|
| 250 | _a3rd ed. | ||
| 260 |
_aNew Delhi _bWiley _c2009, 2016 |
||
| 300 | _axviii, 509p. | ||
| 630 | _aMathematical Statistics | ||
| 690 | _aProbabilities | ||
| 942 |
_2ddc _cBK |
||
| 999 |
_c412 _d412 |
||